[Event "C.to Italiano U16"]
[Site "Courmayeur ITA"]
[Date "2013.07.03"]
[Round "5"]
[White "Basso, Pier Luigi"]
[Black "Zamengo, Fulvio"]
[WhiteElo "2231"]
[BlackElo "2113"]
[Result "1-0"]
[PlyCount "117"]
[EventDate "2013.06.30"]

1. d4 Nf6 2. c4 c5 3. d5 b5 4. cxb5 a6 5. bxa6 g6 6. Nc3 Bxa6 7. e4 Bxf1 8.
Kxf1 d6 9. g3 Bg7 10. Kg2 O-O 11. Nf3 Nbd7 12. a4 Qa5 13. Bd2 Rfb8 14. Nb5 Qd8
15. Qe2 Ne8 16. Bc3 Nc7 17. Bxg7 Kxg7 18. b4 Nxb5 19. axb5 cxb4 20. Qb2+ Nf6
21. Qxb4 Qb6 22. Rxa8 Rxa8 23. Rb1 h5 24. Qc3 Kg8 25. Qc6 Rb8 26. Qxb6 Rxb6 27.
Nd2 Kf8 28. Kf3 Nd7 29. Nc4 Rb8 30. b6 Ke8 31. Ke3 Nc5 32. Rb5 Nb7 33. Rb3 Nc5
34. Ra3 Nd7 35. Ra6 Nc5 36. Ra7 Nd7 37. b7 Kd8 38. Na5 Kc7 39. Nc6 Rxb7 40.
Rxb7+ Kxb7 41. Nd8+ Kc7 42. Nxf7 Nf6 43. h3 Kd7 44. f4 Nh7 45. e5 dxe5 46.
Nxe5+ Kd6 47. Kd4 Nf8 48. Nf7+ Kd7 49. Ke5 Ke8 50. Nh8 Nd7+ 51. Ke4 Nf8 52. f5
g5 53. f6 exf6 54. Kf5 Nd7 55. Ke6 Ne5 56. Kxf6 h4 57. gxh4 g4 58. hxg4 Nxg4+
59. Ke6 1-0

[Event "C.to Italiano U16"]
[Site "Courmayeur ITA"]
[Date "2013.07.03"]
[Round "5"]
[White "Carletti, Davide M."]
[Black "Ferraguti, Francesco"]
[WhiteElo "1890"]
[BlackElo "1945"]
[Result "1/2-1/2"]
[PlyCount "24"]
[EventDate "2013.06.30"]

1. e4 c5 2. Nf3 e6 3. d4 cxd4 4. Nxd4 a6 5. Nc3 b5 6. Be3 Bb7 7. f3 d6 8. Qd2
Nd7 9. O-O-O b4 10. Na4 d5 11. Nb3 Qc7 12. Qf2 Ngf6 1/2-1/2

[Event "C.to Italiano U16"]
[Site "Courmayeur ITA"]
[Date "2013.07.03"]
[Round "5"]
[White "Coronel, Joshua"]
[Black "Gennari, Jacopo"]
[WhiteElo "1948"]
[BlackElo "1822"]
[Result "1-0"]
[PlyCount "71"]
[EventDate "2013.06.30"]

1. e4 e5 2. Nf3 Nc6 3. Bb5 Nf6 4. d3 d6 5. c3 a6 6. Ba4 Bg4 7. Nbd2 g6 8. h3
Bxf3 9. Nxf3 Bg7 10. O-O O-O 11. Re1 b5 12. Bc2 Qe8 13. d4 Nd7 14. d5 Ne7 15.
a4 f5 16. Ng5 Rc8 17. Ne6 Rf7 18. axb5 fxe4 19. bxa6 Nb6 20. Bxe4 Qb5 21. a7 c6
22. dxc6 d5 23. Bd3 Qxc6 24. Nxg7 Kxg7 25. Rxe5 Qf6 26. Qe2 Nc6 27. Re6 Qd8 28.
Ra6 Kg8 29. Bxg6 hxg6 30. Rxg6+ Kh8 31. Qh5+ Rh7 32. Bh6 Qc7 33. a8=Q Rxa8 34.
Rxa8+ Nxa8 35. Qxd5 Qf7 36. Qxc6 1-0

[Event "C.to Italiano U16"]
[Site "Courmayeur ITA"]
[Date "2013.07.03"]
[Round "5"]
[White "Foglieni, Matteo"]
[Black "Difronzo, Andrea"]
[WhiteElo "1806"]
[BlackElo "1943"]
[Result "0-1"]
[PlyCount "52"]
[EventDate "2013.06.30"]

1. Nf3 Nf6 2. c4 e6 3. b3 d5 4. Bb2 Bd6 5. g3 c6 6. Bg2 Nbd7 7. O-O O-O 8. d3
b6 9. Nc3 Bb7 10. e4 c5 11. Re1 d4 12. Ne2 Ne8 13. Nf4 e5 14. Nd5 Bxd5 15. exd5
f5 16. Bc1 h6 17. Nh4 g5 18. Qh5 Rf6 19. Bxg5 hxg5 20. Qxg5+ Ng7 21. Bh3 Qf8
22. f4 Re8 23. Re2 exf4 24. Rxe8 Qxe8 25. Nxf5 Rg6 26. Nh6+ Kh7 0-1

[Event "C.to Italiano U16"]
[Site "Courmayeur ITA"]
[Date "2013.07.03"]
[Round "5"]
[White "Motola, Jacopo"]
[Black "Marzaduri, Riccardo"]
[WhiteElo "2031"]
[BlackElo "1944"]
[Result "1/2-1/2"]
[PlyCount "32"]
[EventDate "2013.06.30"]

1. e4 e6 2. d4 d5 3. Nc3 h6 4. Nf3 Nf6 5. e5 Ne4 6. Nd2 Nxd2 7. Bxd2 c5 8. dxc5
Bxc5 9. Bd3 Qc7 10. Qe2 a6 11. O-O-O Nc6 12. f4 g6 13. g4 Bd7 14. Rhe1 O-O-O
15. Qf1 h5 16. g5 Kb8 1/2-1/2

[Event "C.to Italiano U16"]
[Site "Courmayeur ITA"]
[Date "2013.07.03"]
[Round "5"]
[White "Tazzioli, Luca"]
[Black "Valdettaro, Filippo"]
[WhiteElo "1939"]
[BlackElo "1752"]
[Result "1-0"]
[PlyCount "63"]
[EventDate "2013.06.30"]

1. e4 e6 2. Qe2 c5 3. Nf3 Nc6 4. g3 Nge7 5. d3 d5 6. Bg2 g6 7. O-O Bg7 8. Nbd2
O-O 9. e5 Qc7 10. Re1 b6 11. Nf1 a5 12. a4 Ba6 13. h4 h6 14. c3 Rac8 15. N1h2
Nf5 16. Bf4 Kh7 17. Ng4 Qd8 18. Kh2 d4 19. c4 Qe7 20. Kg1 Nb4 21. Rec1 Rce8 22.
Nd2 g5 23. hxg5 hxg5 24. Ne4 gxf4 25. Ngf6+ Kh8 26. Qh5+ Nh6 27. Ng4 f5 28.
exf6 Qf7 29. fxg7+ Qxg7 30. Nxh6 Qh7 31. Ng5 Rf5 32. Qxe8+ 1-0

[Event "C.to Italiano U16"]
[Site "Courmayeur ITA"]
[Date "2013.07.03"]
[Round "6"]
[White "Coronel, Joshua"]
[Black "Basso, Pier Luigi"]
[WhiteElo "1948"]
[BlackElo "2231"]
[Result "0-1"]
[PlyCount "116"]
[EventDate "2013.06.30"]

1. e4 Nc6 2. d4 d5 3. Nc3 Nf6 4. e5 Nd7 5. Nxd5 Ndb8 6. Nc3 Qxd4 7. Nf3 Qxd1+
8. Kxd1 Bg4 9. Be2 Nd7 10. Bf4 O-O-O 11. Kc1 Bxf3 12. Bxf3 Ndxe5 13. Be4 g6 14.
Re1 Bg7 15. Nb5 Rd7 16. Bxe5 Bxe5 17. Bxc6 Bf4+ 18. Kb1 bxc6 19. Nc3 Bd2 20.
Re4 Bxc3 21. bxc3 Rd1+ 22. Kb2 Rxa1 23. Kxa1 e6 24. Kb2 Rd8 25. c4 Kd7 26. Kc3
Ke7 27. f4 Rd1 28. g3 h5 29. h4 Kf6 30. Kb4 Ra1 31. a4 c5+ 32. Kxc5 Rxa4 33.
Kc6 Kf5 34. Re5+ Kg4 35. Rg5+ Kf3 36. c5 Rc4 37. Kxc7 f6 38. Rxg6 Rxc5+ 39. Kb7
Rxc2 40. Kxa7 f5 41. Rg5 Rg2 42. Rxh5 Rxg3 43. Rh6 Rh3 44. Rxe6 Rxh4 45. Kb6
Rxf4 46. Kc5 Re4 47. Ra6 f4 48. Ra3+ Kg2 49. Kd5 Re8 50. Ra2+ Kg3 51. Ra7 f3
52. Rg7+ Kh2 53. Rf7 Kg2 54. Rg7+ Kf1 55. Kd4 f2 56. Ra7 Ke2 57. Ra2+ Kf3 58.
Ra3+ Kg2 0-1

[Event "C.to Italiano U16"]
[Site "Courmayeur ITA"]
[Date "2013.07.03"]
[Round "6"]
[White "Difronzo, Andrea"]
[Black "Carletti, Davide M."]
[WhiteElo "1943"]
[BlackElo "1890"]
[Result "1/2-1/2"]
[PlyCount "38"]
[EventDate "2013.06.30"]

1. e4 e5 2. Nf3 Nc6 3. Bc4 Bc5 4. c3 Nf6 5. d3 O-O 6. Bb3 d5 7. exd5 Nxd5 8.
O-O Bg4 9. h3 Bh5 10. Re1 Bb6 11. Bc2 Qd6 12. Nbd2 Rad8 13. Ne4 Qg6 14. Bg5 f6
15. Bh4 Nf4 16. Ng3 Bxf3 17. Qxf3 Nxd3 18. Re2 Rfe8 19. Ne4 Qh6 1/2-1/2

[Event "C.to Italiano U16"]
[Site "Courmayeur ITA"]
[Date "2013.07.03"]
[Round "6"]
[White "Marzaduri, Riccardo"]
[Black "Tazzioli, Luca"]
[WhiteElo "1944"]
[BlackElo "1939"]
[Result "0-1"]
[PlyCount "86"]
[EventDate "2013.06.30"]

1. e4 e5 2. Nf3 Nc6 3. Nc3 Nf6 4. d4 exd4 5. Nd5 Nxd5 6. exd5 Bb4+ 7. Bd2 Qe7+
8. Qe2 Bxd2+ 9. Kxd2 Qxe2+ 10. Bxe2 Nb4 11. Bc4 O-O 12. a3 b5 13. axb4 bxc4 14.
Nxd4 Bb7 15. Nf5 Rfe8 16. Ra5 g6 17. Ne3 Re4 18. c3 f5 19. Rha1 f4 20. Ng4 Kf7
21. f3 Re7 22. Rxa7 Rxa7 23. Rxa7 Bxd5 24. Rxc7 Bc6 25. Rc8 h5 26. Nf2 Re5 27.
h4 Rd5+ 28. Ke2 Re5+ 29. Kf1 Rd5 30. Ne4 Rd1+ 31. Kf2 Ke7 32. Rg8 d5 33. Nc5
Rd2+ 34. Kf1 Be8 35. Rg7+ Bf7 36. Na4 Kf8 37. Rh7 Kg8 38. b5 Kxh7 39. b6 d4 40.
b7 dxc3 41. b8=Q c2 42. Kg1 c1=Q+ 43. Kh2 Qf1 0-1

[Event "C.to Italiano U16"]
[Site "Courmayeur ITA"]
[Date "2013.07.03"]
[Round "6"]
[White "Piazza, Dario"]
[Black "Favaloro, Andrea"]
[WhiteElo "1881"]
[BlackElo "1862"]
[Result "1/2-1/2"]
[PlyCount "20"]
[EventDate "2013.06.30"]

1. e4 e5 2. Nf3 Nc6 3. Bc4 Nf6 4. Nc3 Nxe4 5. Nxe4 d5 6. Bd3 dxe4 7. Bxe4 Bd6
8. O-O O-O 9. d3 Bg4 10. h3 Bh5 1/2-1/2

[Event "C.to Italiano U16"]
[Site "Courmayeur ITA"]
[Date "2013.07.03"]
[Round "6"]
[White "Vesce, Emanuele"]
[Black "Motola, Jacopo"]
[WhiteElo "1898"]
[BlackElo "2031"]
[Result "1-0"]
[PlyCount "77"]
[EventDate "2013.06.30"]

1. e4 c5 2. Nf3 d6 3. d4 cxd4 4. Nxd4 Nf6 5. Nc3 g6 6. Be3 Bg7 7. f3 Nc6 8. Qd2
O-O 9. O-O-O Nxd4 10. Bxd4 Be6 11. Kb1 Qc7 12. g4 Rfc8 13. g5 Nh5 14. Bxg7 Nxg7
15. Bd3 Qa5 16. a3 Rab8 17. Ne2 Qxd2 18. Rxd2 Rc5 19. f4 a5 20. Nd4 b5 21. Rf1
Bc4 22. f5 Bxd3 23. Rxd3 gxf5 24. exf5 e6 25. fxe6 fxe6 26. Nb3 Rxg5 27. Rxd6
a4 28. Nd4 Re8 29. Rb6 e5 30. Rxb5 Rg2 31. Nf5 Rxh2 32. Rg1 Rh1 33. Rxh1 Nxf5
34. Rh5 Ng7 35. Rhxe5 Rxe5 36. Rxe5 h5 37. Re4 Nf5 38. Rf4 Ne3 39. Rh4 1-0

[Event "C.to Italiano U16"]
[Site "Courmayeur ITA"]
[Date "2013.07.03"]
[Round "6"]
[White "Zamengo, Fulvio"]
[Black "Calamia, Giampaolo"]
[WhiteElo "2113"]
[BlackElo "1803"]
[Result "1-0"]
[PlyCount "121"]
[EventDate "2013.06.30"]

1. e4 c5 2. Nf3 d6 3. d4 cxd4 4. Nxd4 Nf6 5. Nc3 g6 6. Be3 Bg7 7. f3 a6 8. Qd2
h5 9. O-O-O Nbd7 10. Bd3 b5 11. f4 Bb7 12. f5 b4 13. Nd5 Nxd5 14. exd5 Qa5 15.
Bc4 Ne5 16. Bb3 Bxd5 17. fxg6 Bxb3 18. Nxb3 Qxa2 19. gxf7+ Nxf7 20. Qxb4 Qxb2+
21. Kd2 Rc8 22. Qa4+ Kf8 23. Nd4 Qc3+ 24. Ke2 Qc4+ 25. Qxc4 Rxc4 26. Rd2 Bxd4
27. Bxd4 e5 28. Be3 Ke7 29. Rb1 Rhc8 30. Kd1 Ke6 31. Rb6 R4c6 32. Rxc6 Rxc6 33.
Rd3 d5 34. Bd2 Rc8 35. Rg3 Kf6 36. Rf3+ Ke6 37. Rb3 Kf5 38. Rb6 Ra8 39. Ba5 h4
40. Be1 Kg5 41. Rb7 Nd6 42. Rd7 Nf5 43. Bd2+ Kf6 44. Rxd5 Ke6 45. Ra5 Nd4 46.
Ra4 Kd5 47. c3 Nf5 48. Ke2 Rg8 49. Kf3 Ra8 50. Be1 Ke6 51. Bxh4 Nxh4+ 52. Rxh4
a5 53. Ra4 Rf8+ 54. Ke3 Ra8 55. Ke4 Ra7 56. c4 Ra8 57. c5 Rg8 58. Rxa5 Rxg2 59.
Ra6+ Kd7 60. Rh6 Re2+ 61. Kd5 1-0

[Event "C.to Italiano U16"]
[Site "Courmayeur ITA"]
[Date "2013.07.04"]
[Round "7"]
[White "Basso, Pier Luigi"]
[Black "Vesce, Emanuele"]
[WhiteElo "2231"]
[BlackElo "1898"]
[Result "1/2-1/2"]
[PlyCount "126"]
[EventDate "2013.06.30"]

1. d4 Nf6 2. Nf3 c5 3. c4 cxd4 4. Nxd4 Nc6 5. Nc3 d6 6. e4 g6 7. f3 Bg7 8. Be3
O-O 9. Be2 e6 10. Ndb5 Ne8 11. c5 d5 12. exd5 exd5 13. Qxd5 Qxd5 14. Nxd5 Bxb2
15. Rb1 Be5 16. Bf4 Bxf4 17. Nxf4 Bf5 18. Rb2 Rb8 19. g4 Bd7 20. Kf2 b6 21. Rd1
Bc8 22. Nd6 Ng7 23. Nd5 Be6 24. cxb6 Bxd5 25. Rxd5 Rxb6 26. Rxb6 axb6 27. Rb5
Rd8 28. Nc4 Ne6 29. Rxb6 Ncd4 30. Nd6 Ra8 31. Bc4 Ra3 32. Bb3 Nxb3 33. axb3 Nd4
34. Rb8+ Kg7 35. Rb7 Rxb3 36. Rxf7+ Kg8 37. Rf4 Rb2+ 38. Ke3 Ne6 39. Rf6 Nc7
40. Rf7 Ne8 41. Rd7 Nxd6 42. Rxd6 Rxh2 43. Kf4 Kg7 44. Rd7+ Kf6 45. Kg3 Rh1 46.
Kg2 Rh4 47. Rd1 g5 48. Kg3 Rh6 49. Rd6+ Kg7 50. Rd7+ Kf6 51. Ra7 Ke5 52. Kg2
Kf6 53. Rb7 Ke5 54. Rb5+ Kf6 55. f4 Rg6 56. Rb6+ Kf7 57. Rb7+ Kf6 58. f5 Rg7
59. Rxg7 Kxg7 60. Kf3 Kf6 61. Ke4 h6 62. Kf3 h5 63. Kg3 h4+ 1/2-1/2

[Event "C.to Italiano U16"]
[Site "Courmayeur ITA"]
[Date "2013.07.04"]
[Round "7"]
[White "Carletti, Davide M."]
[Black "Bosticardo, Tommaso"]
[WhiteElo "1890"]
[BlackElo "1875"]
[Result "1/2-1/2"]
[PlyCount "59"]
[EventDate "2013.06.30"]

1. e4 e5 2. Nf3 Nc6 3. Bc4 Bc5 4. c3 Nf6 5. d3 a6 6. O-O Ba7 7. Bb3 d6 8. Re1
h6 9. Nbd2 O-O 10. Nf1 Ne7 11. Ng3 Ng6 12. Be3 Bxe3 13. fxe3 Bg4 14. h3 Bd7 15.
Qd2 Bc6 16. Rad1 d5 17. exd5 Bxd5 18. Bxd5 Qxd5 19. e4 Qxa2 20. c4 Qb3 21. h4
Ng4 22. h5 Ne7 23. d4 Rad8 24. Qc1 exd4 25. Qf4 Ne3 26. Nxd4 Rxd4 27. Rxd4 Nc2
28. Rd7 Nxe1 29. Rxe7 Qxb2 30. Qf2 1/2-1/2

[Event "C.to Italiano U16"]
[Site "Courmayeur ITA"]
[Date "2013.07.04"]
[Round "7"]
[White "Drago, Paolo"]
[Black "Coronel, Joshua"]
[WhiteElo "1835"]
[BlackElo "1948"]
[Result "0-1"]
[PlyCount "88"]
[EventDate "2013.06.30"]

1. d4 Nf6 2. c4 g6 3. Nc3 Bg7 4. e4 d6 5. f3 O-O 6. Be3 Nc6 7. Qd2 a6 8. Nge2
Rb8 9. Ng3 Na7 10. d5 c5 11. a4 e6 12. dxe6 Bxe6 13. Rd1 Qb6 14. Be2 Qb4 15.
Nd5 Qxa4 16. Ne7+ Kh8 17. Qxd6 Qb4+ 18. Qd2 Qxd2+ 19. Rxd2 Nd7 20. O-O Nc6 21.
Nxc6 bxc6 22. Ra1 Rb3 23. Bf2 Ra8 24. Ra2 Ne5 25. Rc2 Bf8 26. Ra5 Nd7 27. Ra2
a5 28. Nf1 a4 29. Nd2 Rb4 30. Ra3 Rab8 31. b3 axb3 32. Rb2 Ne5 33. Raxb3 Rd8
34. Be3 Kg7 35. Kf2 Nd3+ 36. Bxd3 Rxd3 37. Rxd3 Rxb2 38. Kg3 Rc2 39. Rd8 Be7
40. Ra8 f5 41. Ra7 Kf8 42. Ra8+ Kf7 43. Ra7 Ke8 44. Rc7 Bd6+ 0-1

[Event "C.to Italiano U16"]
[Site "Courmayeur ITA"]
[Date "2013.07.04"]
[Round "7"]
[White "Favaloro, Andrea"]
[Black "Zamengo, Fulvio"]
[WhiteElo "1862"]
[BlackElo "2113"]
[Result "1-0"]
[PlyCount "73"]
[EventDate "2013.06.30"]

1. e4 e6 2. d4 d5 3. Nc3 Bb4 4. e5 c5 5. a3 Ba5 6. b4 cxd4 7. Qg4 Ne7 8. bxa5
dxc3 9. Qxg7 Rg8 10. Qxh7 Nbc6 11. Nf3 Qc7 12. Bf4 Bd7 13. a6 b6 14. Qd3 Ng6
15. Bg3 Na5 16. h4 O-O-O 17. h5 Nh8 18. Bh4 Rde8 19. Bf6 Nc4 20. Qxc3 Bb5 21.
Ng5 Bxa6 22. Bd3 Qc5 23. h6 b5 24. Rh4 Bb7 25. h7 Rgf8 26. Bg7 Rd8 27. Bxf8
Qxf8 28. Qd4 Kb8 29. c3 Ka8 30. a4 b4 31. Bxc4 dxc4 32. Qxc4 Qg7 33. f4 f6 34.
exf6 Qxf6 35. Qxb4 e5 36. Rb1 Ba6 37. Qe4+ 1-0

[Event "C.to Italiano U16"]
[Site "Courmayeur ITA"]
[Date "2013.07.04"]
[Round "7"]
[White "Motola, Jacopo"]
[Black "Iannello, Antonio"]
[WhiteElo "2031"]
[BlackElo "1855"]
[Result "1-0"]
[PlyCount "137"]
[EventDate "2013.06.30"]

1. e4 c5 2. Nf3 d6 3. d4 cxd4 4. Qxd4 Nc6 5. Bb5 Bd7 6. Bxc6 Bxc6 7. Nc3 Nf6 8.
Bg5 e6 9. O-O-O Be7 10. Rhe1 O-O 11. e5 dxe5 12. Qh4 Qc7 13. Nxe5 Rfd8 14. Ng4
Rxd1+ 15. Rxd1 Rd8 16. Nxf6+ Bxf6 17. Rxd8+ Qxd8 18. Bxf6 Qxf6 19. Qxf6 gxf6
20. g3 Kg7 21. Kd2 f5 22. Ne2 e5 23. c4 f6 24. b4 a6 25. Nc3 Kf7 26. Nd1 Ke6
27. Kd3 Be8 28. Ne3 Bc6 29. f4 Be4+ 30. Kc3 Kd6 31. a3 Kc6 32. Nd1 Bf3 33. Ne3
Be4 34. c5 Bb1 35. Kb2 Be4 36. Kb3 Bd5+ 37. Kc3 Be4 38. Nc4 Kd5 39. Nd6 Ke6 40.
a4 h6 41. b5 axb5 42. axb5 Bd5 43. Ne8 Ke7 44. Nc7 Be4 45. Na8 Bd5 46. Nb6 Ke6
47. Na8 Ke7 48. Kb4 Kd7 49. Nb6+ Ke6 50. Na4 e4 51. Nc3 e3 52. Ne2 Be4 53. Kc4
Bb1 54. Kd4 Bc2 55. Nc3 Bb3 56. Kxe3 Bc2 57. Kd4 Bb3 58. Nb1 Ba4 59. Na3 h5 60.
h4 Bb3 61. Nc4 Bc2 62. Nd6 Ba4 63. Kc4 b6 64. Nb7 Bd1 65. cxb6 Be2+ 66. Kc5 Kd7
67. Na5 Bf3 68. Nc6 Bg2 69. b7 1-0

[Event "C.to Italiano U16"]
[Site "Courmayeur ITA"]
[Date "2013.07.04"]
[Round "7"]
[White "Tazzioli, Luca"]
[Black "Difronzo, Andrea"]
[WhiteElo "1939"]
[BlackElo "1943"]
[Result "0-1"]
[PlyCount "88"]
[EventDate "2013.06.30"]

1. e4 c5 2. Nc3 Nc6 3. g3 g6 4. Bg2 Bg7 5. d3 d6 6. f4 e6 7. Nf3 Nge7 8. O-O
O-O 9. Bd2 Rb8 10. Rb1 b5 11. a3 a5 12. a4 b4 13. Nb5 e5 14. h3 h6 15. Kh1 Be6
16. g4 exf4 17. Bxf4 Nc8 18. Qd2 Kh7 19. Qf2 Qf6 20. Bxd6 Nxd6 21. Nxd6 Ba2 22.
Ra1 Qxd6 23. Rxa2 b3 24. cxb3 Rxb3 25. Rc1 Nb4 26. Ra3 Rxb2 27. Qxc5 Qxc5 28.
Rxc5 Nc2 29. Rxc2 Rxc2 30. d4 Rb8 31. Ra1 Rbb2 32. Rg1 Rb4 33. e5 Re2 34. Rd1
Rb8 35. Bf1 Rf2 36. Nd2 Rf4 37. Nc4 Rd8 38. d5 Re4 39. Nd6 Rxe5 40. Nxf7 Rexd5
41. Rxd5 Rxd5 42. Bc4 Rd4 43. Bb5 Bf6 44. Kg2 Kg7 0-1

[Event "C.to Italiano U16"]
[Site "Courmayeur ITA"]
[Date "2013.07.05"]
[Round "8"]
[White "Bosticardo, Tommaso"]
[Black "Coronel, Joshua"]
[WhiteElo "1875"]
[BlackElo "1948"]
[Result "1-0"]
[PlyCount "127"]
[EventDate "2013.06.30"]

1. d4 Nf6 2. c4 g6 3. Nc3 Bg7 4. e4 d6 5. f3 O-O 6. Be3 Nc6 7. Nge2 a6 8. Qd2
Rb8 9. Rc1 Bd7 10. Nd1 b5 11. c5 dxc5 12. Rxc5 e6 13. Nf2 Re8 14. g3 Bf8 15.
Rc1 Qe7 16. Bg2 Qb4 17. O-O Rec8 18. Nd3 Qxd2 19. Bxd2 a5 20. Ne5 Nxe5 21. dxe5
Ne8 22. Rfd1 b4 23. Be3 Bb5 24. Nd4 c5 25. Nxb5 Rxb5 26. Bf1 Rb6 27. Rd7 b3 28.
a3 Rbb8 29. Ra7 Ra8 30. Rxa8 Rxa8 31. Bxc5 Rc8 32. Be3 Rxc1 33. Bxc1 Bc5+ 34.
Kg2 Nc7 35. Bc4 a4 36. Kf1 Bd4 37. f4 g5 38. Ke2 gxf4 39. gxf4 Kg7 40. Kd3 Bg1
41. h3 Bb6 42. Be3 Ba5 43. Bc5 Be1 44. Bb6 Na8 45. Bd8 Bf2 46. Bb5 Nb6 47. Bxb6
Bxb6 48. Bxa4 f6 49. Bxb3 fxe5 50. Bxe6 exf4 51. Bg4 Kf6 52. b4 Ke5 53. a4 Kd6
54. Kc4 h6 55. Bf3 Be3 56. a5 Bd2 57. a6 Be3 58. Kb5 Kc7 59. e5 Bd4 60. Kc4 Ba7
61. Kd5 Kd7 62. e6+ Ke7 63. b5 Be3 64. Ke4 1-0

[Event "C.to Italiano U16"]
[Site "Courmayeur ITA"]
[Date "2013.07.05"]
[Round "8"]
[White "Difronzo, Andrea"]
[Black "Vesce, Emanuele"]
[WhiteElo "1943"]
[BlackElo "1898"]
[Result "0-1"]
[PlyCount "66"]
[EventDate "2013.06.30"]

1. e4 c5 2. c3 Nf6 3. e5 Nd5 4. d4 cxd4 5. Nf3 e6 6. cxd4 d6 7. Bc4 Nb6 8. Bb3
Nc6 9. Bg5 Qc7 10. O-O h6 11. Bh4 Be7 12. Bxe7 Qxe7 13. Nc3 O-O 14. Qe2 Bd7 15.
Rfe1 Nb4 16. a3 N4d5 17. Rac1 Bc6 18. Ne4 dxe5 19. Nxe5 Nf4 20. Qf3 Bxe4 21.
Rxe4 Nfd5 22. Rce1 Qf6 23. Qg3 Rac8 24. Bxd5 exd5 25. Rf4 Qg5 26. Rg4 Rc1 27.
Nf3 Re8 28. h3 Rcxe1+ 29. Nxe1 Rxe1+ 30. Kh2 Qf6 31. Qb8+ Kh7 32. f3 Nc4 33.
Qg3 Re2 0-1

[Event "C.to Italiano U16"]
[Site "Courmayeur ITA"]
[Date "2013.07.05"]
[Round "8"]
[White "Favaloro, Andrea"]
[Black "Basso, Pier Luigi"]
[WhiteElo "1862"]
[BlackElo "2231"]
[Result "1/2-1/2"]
[PlyCount "92"]
[EventDate "2013.06.30"]

1. e4 d6 2. d4 e5 3. Nf3 Nd7 4. Bc4 Be7 5. dxe5 Nxe5 6. Nxe5 dxe5 7. Qh5 g6 8.
Qxe5 Nf6 9. Bh6 Qd6 10. Qxd6 cxd6 11. Nc3 Be6 12. Bxe6 fxe6 13. f3 Kf7 14.
O-O-O Rhc8 15. Bf4 Ne8 16. Rd3 a6 17. a3 Rc6 18. h4 Rac8 19. Bg5 Bf8 20. g4 Bg7
21. Bd2 Nf6 22. g5 Nd7 23. f4 Nc5 24. Re3 Bd4 25. Re2 b5 26. Be1 Rb8 27. h5 a5
28. hxg6+ hxg6 29. Rh3 b4 30. axb4 axb4 31. Nd1 b3 32. Bc3 bxc2 33. Kxc2 Na4
34. Kd3 Bxc3 35. bxc3 Nc5+ 36. Ke3 Rg8 37. Ra2 Rc7 38. Rh7+ Rg7 39. Rh8 Rg8 40.
Ra8 Rxa8 41. Rxa8 d5 42. exd5 exd5 43. Rd8 Na4 44. Rxd5 Nxc3 45. Nxc3 Rxc3+ 46.
Ke4 Rc7 1/2-1/2

[Event "C.to Italiano U16"]
[Site "Courmayeur ITA"]
[Date "2013.07.05"]
[Round "8"]
[White "Ferraguti, Francesco"]
[Black "Altea, Alessandro"]
[WhiteElo "1945"]
[BlackElo "1868"]
[Result "0-1"]
[PlyCount "102"]
[EventDate "2013.06.30"]

1. f4 d5 2. Nf3 Nf6 3. b3 Bg4 4. e3 Nbd7 5. Bb2 e6 6. Be2 Bd6 7. d4 Ne4 8. O-O
O-O 9. c4 f5 10. Ne5 Bxe2 11. Qxe2 c6 12. Nd2 Nxd2 13. Qxd2 Nf6 14. b4 Ne4 15.
Qe1 Bxe5 16. fxe5 dxc4 17. Rc1 b5 18. Qe2 Qg5 19. Rf4 a5 20. Ba3 axb4 21. Bxb4
Rfc8 22. Be1 Ra4 23. Rc2 Rca8 24. g4 Qg6 25. Kh1 Qf7 26. gxf5 exf5 27. Qg2 Ra3
28. Qe2 c3 29. Qf3 g6 30. Bxc3 Rxa2 31. Rxa2 Rxa2 32. Be1 Qc4 33. Qf1 Qc2 34.
Rh4 Ra1 35. e6 Qb1 36. e7 Nf6 37. Kg1 Qxe1 38. Qxe1 Rxe1+ 39. Kf2 Ra1 40. Kf3
Kf7 41. Kf4 Kxe7 42. Ke5 Re1 43. Kf4 Rf1+ 44. Kg3 b4 45. Kg2 Rc1 46. d5 Nxd5
47. Rxh7+ Kf6 48. Rb7 Nxe3+ 49. Kh3 Nd5 50. Kh4 Rc3 51. h3 g5+ 0-1

[Event "C.to Italiano U16"]
[Site "Courmayeur ITA"]
[Date "2013.07.06"]
[Round "9"]
[White "Altea, Alessandro"]
[Black "Zamengo, Fulvio"]
[WhiteElo "1868"]
[BlackElo "2113"]
[Result "0-1"]
[PlyCount "116"]
[EventDate "2013.06.30"]

1. e4 e6 2. d4 d5 3. e5 c5 4. c3 Nc6 5. Nf3 Bd7 6. Be2 Qb6 7. O-O cxd4 8. cxd4
Nh6 9. Na3 Nf5 10. Nc2 Be7 11. h3 O-O 12. Bd3 Nd8 13. a4 a5 14. Na3 Kh8 15. Nb5
Bxb5 16. Bxb5 Nc6 17. Be3 f6 18. Rc1 Rac8 19. Bxc6 bxc6 20. Qe2 Qb4 21. Qd2
Qxa4 22. Ra1 Qb3 23. Qxa5 Nxe3 24. fxe3 Qxe3+ 25. Kh1 fxe5 26. Rfe1 Qf2 27. Qa7
e4 28. Qxe7 exf3 29. Rg1 Qxd4 30. gxf3 Rxf3 31. Qxe6 Rg8 32. Rae1 Qxb2 33. Re2
Qf6 34. Qg4 Qf5 35. Qxf5 Rxf5 36. Rc1 Rf6 37. Re7 Rc8 38. Rd7 Re8 39. Rg1 Rg6
40. Rc1 h6 41. Rc7 Rd8 42. R7xc6 Rxc6 43. Rxc6 d4 44. Rc2 Kh7 45. Kg2 Kg6 46.
Kf3 Kf5 47. Rc5+ Ke6 48. Rc2 Kd5 49. Ke2 Re8+ 50. Kd2 Rf8 51. Rc7 Rf2+ 52. Kd3
Rf3+ 53. Kd2 g5 54. Rd7+ Ke5 55. Re7+ Kd6 56. Re4 Kd5 57. Re8 Rxh3 58. Rd8+ Ke4
0-1

[Event "C.to Italiano U16"]
[Site "Courmayeur ITA"]
[Date "2013.07.06"]
[Round "9"]
[White "Difronzo, Andrea"]
[Black "Bardone, Lorenzo"]
[WhiteElo "1943"]
[BlackElo "1988"]
[Result "0-1"]
[PlyCount "76"]
[EventDate "2013.06.30"]

1. e4 c5 2. c3 Nf6 3. e5 Nd5 4. d4 cxd4 5. Nf3 e6 6. cxd4 d6 7. Bc4 Nb6 8. Bb3
dxe5 9. Nxe5 Nc6 10. Qf3 Nxe5 11. dxe5 Qc7 12. Qc3 Bb4 13. Qxb4 Qxc1+ 14. Bd1
Qg5 15. Qe4 Bd7 16. f4 Qh6 17. O-O Bc6 18. Qe1 Nd5 19. Qf2 O-O 20. Nc3 Nxc3 21.
bxc3 Qg6 22. Bf3 Rfc8 23. Rac1 Rc7 24. Rfd1 Bxf3 25. Qxf3 Rac8 26. Rd3 b6 27.
Rcd1 h6 28. Kf2 Rc4 29. g3 Kh7 30. Re1 Qf5 31. h4 h5 32. Ree3 R8c7 33. Qd1 g6
34. Kg2 Kg7 35. Qb3 Qg4 36. Rf3 Re4 37. Rd2 Re1 38. Rff2 Re3 0-1

[Event "C.to Italiano U16"]
[Site "Courmayeur ITA"]
[Date "2013.07.06"]
[Round "9"]
[White "Gallo, Ivan"]
[Black "Foglieni, Matteo"]
[WhiteElo "1742"]
[BlackElo "1806"]
[Result "0-1"]
[PlyCount "90"]
[EventDate "2013.06.30"]

1. e4 c6 2. d4 d5 3. exd5 cxd5 4. c4 Nf6 5. Nc3 e6 6. Nf3 Be7 7. Bf4 O-O 8. h3
Nc6 9. Be2 dxc4 10. Bxc4 a6 11. Bb3 b5 12. d5 exd5 13. Nxd5 Nxd5 14. Qxd5 Bb4+
15. Nd2 Qe7+ 16. Kf1 Bb7 17. Re1 Qf6 18. Qg5 Qxg5 19. Bxg5 h6 20. Be3 Rad8 21.
Rd1 Nd4 22. Bxd4 Rxd4 23. Nf3 Rxd1+ 24. Bxd1 Rd8 25. Ke2 Be4 26. Bb3 Bd3+ 27.
Ke3 Bc5+ 28. Kf4 Bxf2 29. Rd1 g5+ 30. Kg4 Bb6 31. Bxf7+ Kg7 32. Bb3 Bc7 33. Rc1
Bf4 34. Rc6 Bg6 35. Ne1 Be4 36. g3 Bxc6 37. gxf4 Rd4 38. Bc2 Rxf4+ 39. Kg3 Be4
40. Bxe4 Rxe4 41. Kf2 Rxe1 42. Kxe1 Kf6 43. Kf2 h5 44. Ke3 Ke5 45. b4 Kd5 0-1

[Event "C.to Italiano U16"]
[Site "Courmayeur ITA"]
[Date "2013.07.06"]
[Round "9"]
[White "Motola, Jacopo"]
[Black "Favaloro, Andrea"]
[WhiteElo "2031"]
[BlackElo "1862"]
[Result "1/2-1/2"]
[PlyCount "70"]
[EventDate "2013.06.30"]

1. e4 g6 2. d4 Bg7 3. Nf3 c5 4. c3 cxd4 5. cxd4 d5 6. exd5 Nf6 7. Bb5+ Nbd7 8.
d6 Qa5+ 9. Nc3 Ne4 10. dxe7 Nxc3 11. Bxd7+ Bxd7 12. bxc3 Qxc3+ 13. Bd2 Qd3 14.
Bb4 Qb5 15. Qd2 Bf6 16. a4 Qd5 17. O-O Be6 18. Rfe1 Rc8 19. Rac1 Kd7 20. Qf4
Bg7 21. Re2 Rxc1+ 22. Qxc1 Qc4 23. Qxc4 Bxc4 24. Ne5+ Bxe5 25. Rxe5 b6 26. h3
f6 27. Re3 Rc8 28. Kh2 Bf7 29. Rf3 Rc4 30. Rxf6 Ke8 31. Bd2 Kxe7 32. Bg5 h6 33.
Rxb6+ hxg5 34. Rb7+ Kf6 35. Rxa7 Rxd4 1/2-1/2

[Event "C.to Italiano U14"]
[Site "Courmayeur ITA"]
[Date "2013.06.30"]
[Round "1"]
[White "Lodici, Lorenzo"]
[Black "Comai, Samuele"]
[WhiteElo "2088"]
[BlackElo "1506"]
[Result "1-0"]
[PlyCount "27"]
[EventDate "2013.06.30"]

1. d4 Nf6 2. c4 e6 3. Nc3 Bb4 4. e3 b6 5. Bd3 Bxc3+ 6. bxc3 c5 7. Nf3 Nc6 8.
O-O Ba6 9. e4 O-O 10. e5 Ne8 11. Bxh7+ Kh8 12. Bd3 d6 13. Ng5 g6 14. Qf3 1-0